000 00699nam a2200241Ia 4500
003 OSt
005 20220928125558.0
006 a|||||r|||| 00| 0
007 ta
008 220927b |||||||| |||| 00| 0 eng d
024 _a42953
037 _cTextual
040 _aSDCL
_cSDCL
_beng
041 _2eng
_aeng
082 _aS82:f, P1
100 _aKerig Patricia K Ed.
_9470405
245 0 _aFamily observational coding system.
260 _aNew Jersey
_bLawrence Erlbaum Associates
_c2001
300 _axviii,301p.
_ccm.
700 _a Lindahl Kristin M Ed.
_9470406
942 _hS82:f, P1
_cTEXL
_2CC
999 _c783125
_d783125